Ekonomické a právne aspekty franchisingovej zmluvy bakalárska práca

Enregistré dans:
Détails bibliographiques
Auteur principal: Rajtar, Matúš
Collectivité auteur: Obchodná fakulta EU. Katedra obchodného práva
Autres auteurs: Hodál, Matej
Format: Livre
Langue:slovaque
Publié: Bratislava 2012
Tags: Ajouter un tag
Pas de tags, Soyez le premier à ajouter un tag!

MARC

LEADER 00000nbm a2200000 4500
001 0154513
005 20161109111849.8
041 0 |a slo 
044 |a SK 
245 1 0 |a Ekonomické a právne aspekty franchisingovej zmluvy  |b bakalárska práca  |c Matúš Rajtar ; školiteľ: Matej Hodál 
264 1 |a Bratislava  |c 2012 
300 |a 42 s. 
100 1 |a Rajtar, Matúš 
700 1 |a Hodál, Matej 
710 2 |a Obchodná fakulta EU. Katedra obchodného práva